| 000 | 00498ntaaa2200193 4500 | ||
|---|---|---|---|
| 003 | 01 | ||
| 005 | 20251027201846.0 | ||
| 008 | 0714s1973 ag 01 | ||
| 040 |
_aAR-BaBN _bspa _cAR-BaBN _eaacr _dRIC |
||
| 082 | _a248.1000 L36 | ||
| 100 |
_aLaubach, Frank C _99014 |
||
| 245 | _aWhat Jesus had to say about money | ||
| 250 | _a1 ed. | ||
| 260 |
_aGrand Rapids : _bZondervan Publishing House, _cc1966 |
||
| 300 | _a63 p | ||
| 500 | _aMayordomÃa del dinero | ||
| 650 | _amayordomÃa | ||
| 942 | _cBK | ||
| 999 |
_c13245 _d13245 |
||